Detalles MARC
| 000 -LEADER |
| fixed length control field |
01059nam a2200277 a 4500 |
| 001 - CONTROL NUMBER |
| control field |
|
| 003 - CONTROL NUMBER IDENTIFIER |
| control field |
DO-SdBNP |
| 005 - DATE AND TIME OF LATEST TRANSACTION |
| control field |
20240408132027.0 |
| 008 - FIXED-LENGTH DATA ELEMENTS--GENERAL INFORMATION |
| fixed length control field |
110407s1992 dr abc 001 0 spa d |
| 040 ## - CATALOGING SOURCE |
| Original cataloging agency |
DO-SdBNP |
| Language of cataloging |
spa |
| Transcribing agency |
BPMSU |
| 082 #4 - DEWEY DECIMAL CLASSIFICATION NUMBER |
| Classification number |
RD868.3 |
| Item number |
F438o 1992 |
| Edition number |
22 |
| 100 1# - MAIN ENTRY--PERSONAL NAME |
| Personal name |
Fiallo, Fabio |
| Dates associated with a name |
1886-1942 |
| 245 10 - TITLE STATEMENT |
| Title |
Cuentos frágiles y las manzanas de Mefisto / |
| Statement of responsibility, etc. |
Fabio Fiallo ; notas de José Enrique García |
| 260 ## - PUBLICATION, DISTRIBUTION, ETC. (IMPRINT) |
| Place of publication, distribution, etc. |
Santo Domingo : |
| Name of publisher, distributor, etc. |
Ediciones de la Fundación Corripio, |
| Date of publication, distribution, etc. |
1992 |
| 300 ## - PHYSICAL DESCRIPTION |
| Extent |
2 v. ; |
| Dimensions |
23 cm. |
| 490 0# - SERIES STATEMENT |
| Series statement |
Biblioteca de clásicos dominicanos, |
| Volume/sequential designation |
13 |
| 500 ## - GENERAL NOTE |
| General note |
Incluye referencias bibliográficas y notas al pie de las páginas |
| 505 ## - FORMATTED CONTENTS NOTE |
| Formatted contents note |
v. 2 : Cuentos frágiles y las manzanas de Mefisto |
| 590 ## - LOCAL NOTE (RLIN) |
| Local note |
Inventariado,2024/VM |
| 600 14 - SUBJECT ADDED ENTRY--PERSONAL NAME |
| Personal name |
Fiallo, Fabio, |
| Dates associated with a name |
1866-1942 |
| General subdivision |
Colecciones de escritos. |
| 650 #4 - SUBJECT ADDED ENTRY--TOPICAL TERM |
| Topical term or geographic name as entry element |
Cuentos dominicanos |
| General subdivision |
Colecciones |
| 700 1# - ADDED ENTRY--PERSONAL NAME |
| Personal name |
Blanco Díaz, Andrés |
| Relator term |
ed. |
| 710 2# - ADDED ENTRY--CORPORATE NAME |
| Corporate name or jurisdiction name as entry element |
Fundación Corripio (República Dominicana ) |
| 910 ## - USER-OPTION DATA (OCLC) |
| User-option data |
VMateo V. Control de calidad. BPMSU |
| 942 ## - ADDED ENTRY ELEMENTS (KOHA) |
| Source of classification or shelving scheme |
Dewey Decimal Classification |
| Koha item type |
Libros |